01171cam a22002771 450000100060000000300080000600500170001400800390003103500190007003500200008904000380010904100080014708200190015511000860017424502020026026000390046230000290050141000670053050400290059765000220062671000370064871000420068594200120072799900170073995201370075610920BD-RjUL20211208235036.0161026s1961 enka b 100 0 eng a(BD-RjUL)10969 a(OCoLC)10454512 aDLCcMnUdMBNUdDLCdBD-RjULbeng aeng a546 bINI 19612 aInternational Symposium on Inorganic Polymersd(1961 :cNottingham, Eng.)916080110aInorganic polymers :bthe lectures delivered at an international symposium held at Nottingham on 18th-21st July, 1961. /cOrganised jointly by the University of Nottingham and the Chemical Society. aLondon :bChemical Society,c1961. a146 p. :bill. ;c21 cm.20aChemical Society (Great Britain)tSpecial publication,vno. 15 aIncludes bibliographies. 0a polymers.9337452 aUniversity of Nottingham.9337462 aChemical Society (Great Britain)9429 2ddccBK c10920d10920 00102ddc40718NFICaRUCLbRUCLcReadingd1963-02-04eZeithlingerg0.00l0o546 INI 1961r2014-01-25 00:00:00tC-1w2021-12-08yBK